00250 2200109 4500245004200000250001100042100002400053650001600077005001900093041001400112084001400126 aMAKANAN DAN MINUMAN KHAS BETAWIhText aCet. 1 aAzka Andya Khumaira aKarya Siswa a20250424095530 aIndonesia a081 AZK m